Textiles y vestido, Asia se consolida y AL apuesta por asegurar preferencias

Gespeichert in:
Bibliographische Detailangaben
Format: Text
Tags: Tag hinzufügen
Keine Tags, Fügen Sie den ersten Tag hinzu!

MARC

LEADER 00000 a a2200000 04500
001 13102
003
040
245 |a Textiles y vestido, Asia se consolida y AL apuesta por asegurar preferencias 
773 |g volumen 7, número 2; páginas 4-6  
999 |c 27351  |d 27351